000 00338nam a2200145Ia 4500
008 100122s9999 xx 000 0 und d
082 _b34353
_a823
100 _aJHABVALA R P
245 _aA NEW DOMINION
260 _bJOHN MURRAY LTD
_c1972
300 _a218
630 _aA NEW DOMINION
730 _aA NEW DOMINION
942 _cBOOK
999 _c370741
_d370738